000 00939nam a22002537a 4500
005 20170124102926.0
010 _aA-959369
020 _c35.00
035 _aA-959369
037 _bCen Lib/Ret
040 _aDPL
_bHN
082 _a808.4
_bशरण
100 _aशरण
_943477
245 _aसूर्य हिंदी :
_cशरण
_bनिबंध /
246 _aSurye hindi : nibandh /
_bby Sharan
260 _a दिल्ली
_bसुमित पब्लिकेशनस
270 _a२६१९-२०/१४, न्यू मार्किट
_b दिल्ली
_e110006
300 _a264पृ.
_c16सेमी(सजिल्द )
650 _aहिंदी साहित्य
_x
_z
_943478
650 _aहिंदी निबंध
_v
_943479
650 _aHindi literature
_943480
650 _aHindi essays
_943481
942 _2ddc
_cHN
_h808.4
_mशरण
999 _c111561
_d111561